000 00791nam a22002057a 4500
005 20250819101828.0
008 250819b |||||||| |||| 00| 0 eng d
020 _a9780470678855 (hbk)
040 _cUE-CL
082 _a910.02
_bSt814
100 _aStrahler, Alan
245 _aPhysical geography : Science and systems of the human environment
_c/ Alan Strahler & O. W. Archibold
250 _a5th ed.
260 _aCanada :
_bJohn Wiley & Sons Canada Ltd,
_c2011
300 _axiv, 626 p.
505 _a1. Introduction 2. Weather and Climate Systems 3. Systems and Cycles of the Solid Earth 4. Systems of Landform Evolution 5. Systems and Cycles of Soils and the Biosphere
546 _aEnglish
650 _aGeorgraphy--Physical Geography--Earth Sciences
942 _cBK
999 _c24577
_d24576